000
00237nam a22001097a 4500
003
SGT
082
_a
346.0954,BAR
100
_a
BARE, ACT
245
_a
HINDU SUCCESSION ACT
260
_a
NEW DELHI
_b
EASTERN BOOK
_c
2015
942
_2
ddc
_c
BK
_0
3
999
_c
11629
_d
11629